Historia de Tlaxcala (Record no. 10541)

MARC details
000 -CABECERA
campo de control de longitud fija 00776nam a2200241 a 4500
001 - NÚMERO DE CONTROL
campo de control BRL_1733
005 - FECHA Y HORA DE LA ÚLTIMA TRANSACCIÓN
campo de control 20190320211338.0
008 - DATOS DE LONGITUD FIJA--INFORMACIÓN GENERAL
campo de control de longitud fija 230715s1982----mx-a######---#000-0#spa-#
041 ## - CÓDIGO DE LENGUA
Código de lengua del texto/banda sonora o título independiente spa
044 ## - CÓDIGO DEL PAÍS DE LA ENTIDAD EDITORA/PRODUCTORA
Código MARC del país mx
050 #4 - SIGNATURA TOPOGRÁFICA DE LA BIBLIOTECA DEL CONGRESO
Número de clasificación F1366
Número de documento/Ítem .M86 1892
100 1# - ENTRADA PRINCIPAL--NOMBRE DE PERSONA
Nombre de persona Muñoz Camargo, Diego
Fechas asociadas al nombre ?-1604
9 (RLIN) 8131
245 10 - MENCIÓN DE TÍTULO
Título Historia de Tlaxcala
Resto del título [crónica del siglo XVI]
Mención de responsabilidad, etc. por Diego Muñoz Camargo ; anotada por Alfredo Chavero.
260 ## - PUBLICACIÓN, DISTRIBUCIÓN, ETC.
Lugar de publicación, distribución, etc. México
Nombre del editor, distribuidor, etc. Innovación
Fecha de publicación, distribución, etc. 1982
300 ## - DESCRIPCIÓN FÍSICA
Extensión 278 p., vi, 48 láminas
Otras características físicas il.
Dimensiones 20
500 ## - NOTA GENERAL
Nota general Au1906
500 ## - NOTA GENERAL
Nota general Versión enriquecida con 48 láminas del Lienzo de Tlaxcala
651 #4 - PUNTO DE ACCESO ADICIONAL DE MATERIA--NOMBRE GEOGRÁFICO
Nombre geográfico México
Subdivisión general Historia
9 (RLIN) 614
651 #4 - PUNTO DE ACCESO ADICIONAL DE MATERIA--NOMBRE GEOGRÁFICO
Nombre geográfico Tlaxcala (Estado)
Subdivisión general Historia
9 (RLIN) 8132
700 1# - PUNTO DE ACCESO ADICIONAL--NOMBRE DE PERSONA
Nombre de persona Chavero, Alfredo
Fechas asociadas al nombre 1841-1906
9 (RLIN) 23493
902 ## - CATALOGADOR
Iniciales GRL
942 ## - ELEMENTOS DE PUNTO DE ACCESO ADICIONAL (KOHA)
Fuente del sistema de clasificación o colocación Library of Congress Classification
Tipo de ítem Koha Libros
Holdings
Estado de retiro Estado de pérdida Estado dañado No para préstamo Localización permanente Ubicación/localización actual Fecha de adquisición Número de inventario Total de préstamos Signatura topográfica completa Código de barras Fecha visto por última vez Precio válido a partir de Tipo de ítem Koha
El ejemplar forma parte de la colección y puede ser consultado según las políticas vigentes.       Biblioteca Centro de Estudios Ruth D. Lechuga Biblioteca Centro de Estudios Ruth D. Lechuga 23/07/2015 Au1906   F1366 .M86 1892 (Au1906) GRL01899 22/03/2019 22/03/2019 Libros